Resultados de Vox por Comunidades Autónomas - Estadísticas

Estadísticas generales
  • Esta prueba ha sido intentada 7 veces
  • La puntuación promedio es 14 de 17
Estadísticas de respuestas
Resultado Comunidad Autónoma % Correcto
17'84% Aragón
100%
17'72% Región de Murcia
100%
13'47% Andalucía
86%
11'08% Cantabria
86%
18'92% Castilla y León
86%
7'38% Comunidad de Madrid
86%
12'57% Comunitat Valenciana
86%
2'03% Euskadi
86%
16'90% Extremadura
86%
2'27% Galicia
86%
13'90% Illes Balears
86%
7'61% La Rioja
86%
10'10% Principado de Asturias
86%
7'86% Canarias
71%
12'83% Castilla-La Mancha
71%
7'95% Catalunya
71%
4'30% Comunidad Foral de Navarra
71%
No se encontraron pruebas coincidentes
Distribución de puntuación
Porcentaje de gente con cada puntuación
Porcentaje por número respondido
Historial de tus puntuaciones
No has intentado esta prueba.